000 00961nam a2200241 a 4500
001 000019205
005 20200929165941.0
008 931014s1992 it a b f101 0 ita
010 _a93218332
020 _a8871250508
040 _aDO-SdBNP
_bspa
_cBNPHU
082 _axxx
_bR756
245 0 0 _aRoma e lo studium urbis :
_bspazio urbano e cultura dal Quattro al Seicento : atti del convegno, Roma, 7-10 giugno 1989.
260 _aRoma :
_bMinistero Per i Beni Culturali e Ambientali, Uffico Centrale per i Beni Archivistici,
_c1992.
300 _a554 p. :
_bill. ;
_c24 cm.
490 1 _aPubblicazioni Degli Archivi di Stato Saggi ;
_v22
546 _aItalian and Latin.
504 _aIncludes bibliographical references and indexes.
700 1 _aCherubini, Paolo.
_941322
710 1 _aItaly.
_bUfficio centrale per i beni archivistici.
_941323
830 0 _aPubblicazioni Degli Archivi di Stato Saggi
_v22.
_93896
910 _aCatalogación derivada / LC
999 _c18723
_d18723